00339nam a2200133Ia 4500008004100000020001500041041001200056082001600068100001600084245006400100260002500164300000800189650000800197221030s9999 xx 000 0 und d a8120327810 aEnglish a105.23bKum aM. S. Kumar 0aFundamentals of Optical Fibre Communicationcby M. S. Kumar bTMHaNew Delhic2006 a200 aECE